Beyond the primer: A discussion on the RGF village library programme (Record no. 165966)

MARC details
000 -LEADER
fixed length control field 00416nam a2200157Ia 4500
008 - FIXED-LENGTH DATA ELEMENTS--GENERAL INFORMATION
fixed length control field 231217s9999 xx 000 0 und d
041 ## - LANGUAGE CODE
Language code of text/sound track or separate title English
082 ## - DEWEY DECIMAL CLASSIFICATION NUMBER
Classification number 027.6 KOH
100 ## - MAIN ENTRY--PERSONAL NAME
Personal name Kohli, Mamta
245 #0 - TITLE STATEMENT
Title Beyond the primer: A discussion on the RGF village library programme
250 ## - EDITION STATEMENT
Edition statement 1st ed.
260 ## - PUBLICATION, DISTRIBUTION, ETC.
Date of publication, distribution, etc. 1998
Name of publisher, distributor, etc. Rajiv Gandhi Foundation
300 ## - PHYSICAL DESCRIPTION
Extent 61
650 ## - SUBJECT ADDED ENTRY--TOPICAL TERM
Topical term or geographic name entry element Library,village
942 ## - ADDED ENTRY ELEMENTS (KOHA)
Koha item type Books
Holdings
Date last seen Total checkouts Full call number Accession number Cost, total (INR) price Price effective from Category Lost status Damaged status Department Withdrawn status Home library Current library Entry date Vendor Cost, normal purchase price Grants Billnumber Billdate Currency symbol Conversion rate Discount Old discount
26/01/2024   027.6 KOH 11859 63.75 26/01/2024 Books     Central Library   Central Library Central Library 21/11/1998 Bks for Ch 75.00 GEN 611 02/03/2001 RS 1 11.25 15

© For any Suggestions or Query, please contact the library staff @ librarian@pes.edu or Phone: +9180 2672 1983/ 2108.